| 000 | 00515nam a2200157Ia 4500 | ||
|---|---|---|---|
| 008 | 170221s9999 xx 000 0 und d | ||
| 100 | _aChong Wang | ||
| 245 | _aSparse Random Projection Algorithm Based on Minimum Energy Tree in Wireless Sensor Network | ||
| 245 | _cChong Wang, Xia Zhang, and Ou Li | ||
| 260 | _bJournal of Communications | ||
| 260 | _c2012 | ||
| 300 | _a2 : | ||
| 650 | _xCommunication | ||
| 650 | _xMedia Arts | ||
| 856 | _uhttp://www.jocm.us/index.php?m=content&c=index&a=lists&catid=151 | ||
| 999 |
_c309015 _d309015 |
||